Movies Quiz

Random Movies or Cast Quiz

Name The Film Quiz Stats

 Plays Quiz not verified by Sporcle

Challenge
Share
Tweet
Embed
Score 0/20 Timer 10:00
0 Plays Today
Year of Release Film Title % Correct
1996Fargo
77.2%
1988Big
70.9%
1939The Wizard of Oz
63%
2008Wall.E
55.1%
1986Stand By Me
54.3%
1954Rear Window
52%
1993Schindler's List
49.6%
1998A Bug's Life
47.2%
1992Unforgiven
44.9%
1979Manhattan
40.9%
Year of Release Film Title % Correct
2008Changeling
40.9%
2000Requiem For A Dream
40.2%
1968Rosemary's Baby
39.4%
2003Mystic River
36.2%
2005Hard Candy
36.2%
1950All About Eve
33.9%
1950Sunset Boulevard
27.6%
1949On The Town
21.3%
1984Once Upon A Time In America
19.7%
2004My Summer Of Love
5.5%

You're not logged in!

Compare scores with friends on all Sporcle quizzes.
OR
Log In

You Might Also Like...

Show Comments

Extras

Top Quizzes Today


Score Distribution

Your Account Isn't Verified!

In order to create a playlist on Sporcle, you need to verify the email address you used during registration. Go to your Sporcle Settings to finish the process.

Report this User

Report this user for behavior that violates our Community Guidelines.

Details: